Constitution of the Polish People's Republic (Record no. 3534)
[ view plain ]
| 000 -LEADER | |
|---|---|
| fixed length control field | 00274nam a22001097a 4500 |
| 008 - FIXED-LENGTH DATA ELEMENTS--GENERAL INFORMATION | |
| fixed length control field | 230703b xxu||||| |||| 00| 0 eng d |
| 082 ## - DEWEY DECIMAL CLASSIFICATION NUMBER | |
| Classification number | 342.438 |
| Item number | POL 1988 |
| 245 ## - TITLE STATEMENT | |
| Title | Constitution of the Polish People's Republic |
| 260 ## - PUBLICATION, DISTRIBUTION, ETC. (IMPRINT) | |
| Name of publisher, distributor, etc. | Warsaw |
| Date of publication, distribution, etc. | 1988 |
| 300 ## - PHYSICAL DESCRIPTION | |
| Extent | 50p |
| 942 ## - ADDED ENTRY ELEMENTS (KOHA) | |
| Source of classification or shelving scheme | Dewey Decimal Classification |
| Koha item type | Books |
| Withdrawn status | Lost status | Source of classification or shelving scheme | Damaged status | Not for loan | Home library | Current library | Date acquired | Total Checkouts | Full call number | Barcode | Date last seen | Price effective from | Koha item type |
|---|---|---|---|---|---|---|---|---|---|---|---|---|---|
| Dewey Decimal Classification | County Hall Archives | County Hall Archives | 07/03/2023 | 342.438 POL 1988 | 10013437 | 07/03/2023 | 07/03/2023 | Books | |||||
| Dewey Decimal Classification | County Hall Archives | County Hall Archives | 07/03/2023 | 342.438 POL 1988 | 10013436 | 07/03/2023 | 07/03/2023 | Books | |||||
| Dewey Decimal Classification | County Hall Archives | County Hall Archives | 07/03/2023 | 342.438 POL 1988 | 10011677 | 07/03/2023 | 07/03/2023 | Books |
